000 00722nam a22002177a 4500
003 OSt
005 20260319154504.0
008 260319b |||||||| |||| 00| 0 eng d
020 _a5090009090
037 _cTB
040 _aSFUL
_beng
_cSFUL
041 _arus
100 _aLvov, M. R.
_91132585
245 _aRussian Language
_bPart 1.
_cM. R. Lvov
260 _aMoscow
_bProsveshchenie
_c1989
300 _a287p.
600 _2Introduction to the science of language. General information about the Russian language. Lexicology of the modern Russian language. Phonetics. Graphics and ophography.
700 _aTerekhova, T.G.
_91132586
942 _2CC
_cTB
_hP142 N9.1
_i2
_n0
999 _c1715795
_d1715795